00578nam a22001817a 450000500170000001000140001702000260003103500130005703700130007008200100008310000230009324501160011626000440023227000500027630000290032665000170035565000240037220100804120229.0 aENG-98166 a9788125937050c300.00 aEN-81699 bDBAD/PUB a158.1 aChaudhuri, Arindam aDiscover the diamond you :bthe 59 minute guide to success /cby Arindam Chaudhuri ; foreword by Shah Rukh Khan aNew DelhibVikas Publishing Housec2009 a576, Masjid Road, JangpurabNew Delhie110014 axv,109p.billc20cm (Hb) aSelf-culture aSuccess in business